Reptiles en images - Difficile 1 - Statistiques

Statistiques générales
  • Ce quiz a été pris 24 fois
  • Le résultat moyen est 11 sur 196
Statistiques - réponses
Par images Réponse % Correct
Boa constrictor
76%
Morelia viridis
62%
Iguana iguana
38%
Python regius
38%
Varanus prasinus
33%
Correlophus ciliatus
29%
Furcifer pardalis
29%
Boa imperator
24%
Corallus caninus
24%
Pogona vitticeps
24%
Varanus acanthurus
24%
Eublepharis macularius
19%
Heloderma suspectum
19%
Phelsuma grandis
19%
Tribolonotus gracilis
19%
Varanus macraei
19%
Varanus panoptes
19%
Anolis sagrei
14%
Eunectes murinus
14%
Gastropholis prasina
14%
Gekko gecko
14%
Pantherophis guttatus
14%
Testudo hermanni
14%
Varanus exanthematicus
14%
Varanus varius
14%
Agama agama
10%
Anolis carolinensis
10%
Basiliscus plumifrons
10%
Caretta caretta
10%
Chlamydosaurus kingii
10%
Corucia zebrata
10%
Ctenosaura similis
10%
Cyclura cornuta
10%
Dermochelys coriacea
10%
Elaphe schrenckii
10%
Epicrates cenchria
10%
Gonyosoma boulengeri
10%
Gonyosoma oxycephalum
10%
Hydrosaurus weberi
10%
Intellagama lesueurii
10%
Lampropeltis californiae
10%
Malayopython reticulatus
10%
Morelia bredli
10%
Morelia spilota cheynei
10%
Morelia spilota spilota
10%
Ophiophagus hannah
10%
Python brongersmai
10%
Rhacodactylus leachianus
10%
Salvator merianae
10%
Salvator rufescens
10%
Trimeresurus insularis
10%
Uroplatus lineatus
10%
Uroplatus sikorae
10%
Varanus beccarii
10%
Varanus salvadorii
10%
Varanus salvator
10%
Abronia graminea
5%
Acrochordus granulatus
5%
Basiliscus basiliscus
5%
Bitis gabonica
5%
Brachylophus fasciatus
5%
Caiman crocodilus
5%
Candoia aspera
5%
Candoia paulsoni
5%
Cerastes cerastes
5%
Claudius angustatus
5%
Corallus hortulanus
5%
Corallus ruschenbergerii
5%
Ctenosaura pectinata
5%
Cyclura lewisi
5%
Dendroaspis viridis
5%
Dracaena guianensis
5%
Drymarchon corais
5%
Drymarchon couperi
5%
Drymarchon melanurus
5%
Eunectes notaeus
5%
Euprepiophis mandarinus
5%
Gonyosoma jansenii
5%
Heloderma horridum
5%
Iguana delicatissima
5%
Lachesis muta
5%
Leiopython albertisii
5%
Liasis mackloti savuensis
5%
Moloch horridus
5%
Naja haje
5%
Naja nigricollis
5%
Naja nivea
5%
Nephrurus amyae
5%
Oreocryptophis porphyraceus pulchra
5%
Paleosuchus palpebrosus
5%
Pituophis catenifer
5%
Podarcis muralis
5%
Ptyas carinata
5%
Ptychozoon kuhli
5%
Python anchietae
5%
Simalia boeleni
5%
Spilotes pullatus
5%
Spilotes sulphureus
5%
Tiliqua gigas
5%
Trachemys scripta
5%
Trioceros jacksonii
5%
Uromastyx ornata
5%
Xenodermus javanicus
5%
Acanthochelys spixii
0%
Agkistrodon contortrix
0%
Ahaetulla nasuta
0%
Alligator mississippiensis
0%
Alligator sinensis
0%
Amblyrhynchus cristatus
0%
Anolis equestris
0%
Apalone spinifera
0%
Astrochelys radiata
0%
Bitis arietans
0%
Bothriechis aurifer
0%
Bothriechis lateralis
0%
Bothriechis nigroviridis
0%
Bothriechis schlegelii
0%
Bothrops alternatus
0%
Bothrops bilineatus
0%
Bothrops brazili
0%
Bothrops insularis
0%
Bothrops jararaca
0%
Bothrops jararacussu
0%
Bothrops lanceolatus
0%
Bradypodion thamnobates
0%
Brookesia micra
0%
Calotes mystaceus
0%
Calotes versicolor
0%
Calumma parsonii
0%
Carettochelys insculpta
0%
Centrochelys sulcata
0%
Chamaeleo calyptratus
0%
Chamaeleo namaquensis
0%
chelodina longicollis
0%
Chelonia mydas
0%
Chelonoidis carbonarius
0%
Chelonoidis denticulatus
0%
Chelonoidis nigra
0%
Chelus fimbriata
0%
Chelydra serpentina
0%
Chrysemys picta
0%
Conolophus subcristatus
0%
Corallus cropanii
0%
Cordylus giganteus
0%
Corytophanes cristatus
0%
Crocodylus acutus
0%
Crocodylus niloticus
0%
Crocodylus porosus
0%
Crotalus adamanteus
0%
Dendroaspis polylepis
0%
Emys orbicularis
0%
Eretmochelys imbricata
0%
Gavialis gangeticus
0%
Graptemys pseudogeographica
0%
Homalopsis buccata
0%
Imantodes cenchoa
0%
Kinixys erosa
0%
Lacerta bilineata
0%
Lanthanotus borneensis
0%
Lepidochelys olivacea
0%
Macrochelys temminckii
0%
Manouria emys
0%
Melanosuchus niger
0%
Micrurus frontalis
0%
Micrurus langsdorffi
0%
Micrurus lemniscatus
0%
Micrurus surinamensis
0%
Naja pallida
0%
Natator depressus
0%
Osteolaemus tetraspis
0%
Oxybelis aeneus
0%
Pelomedusa subrufa
0%
Peltocephalus dumerilianus
0%
Pelusios castaneus
0%
Phrynosoma cornutum
0%
Phyllurus amnicola
0%
Podocnemis expansa
0%
Pseudopus apodus
0%
Ptyas nigromarginata
0%
Rhinobothryum lentiginosum
0%
Sauromalus ater
0%
Sauromalus varius
0%
Simalia amethistina
0%
Siphlophis compressus
0%
Sphenodon punctatus
0%
Staurotypus triporcatus
0%
Stenocercus fimbriatus
0%
Sternotherus carinatus
0%
Strophurus taenicauda
0%
Tarentola mauritanica
0%
Trimeresurus albolabris
0%
Trimeresurus popeiorum
0%
Tropidolaemus wagleri
0%
Tupinambis cryptus
0%
Varanus doreanus
0%
Varanus gouldii
0%
Aucun quiz correspondant
Distribution des résultats
% des personnes avec chaque résultat
Percentile par nombre de réponses
Votre historique - résultats
Vous n’avez pas pris ce quiz